• 首页
  • 本馆介绍
  • 公告通知
  • 最新文献
  • 馆藏检索
  • 电子资源
  • 读者导购
  • 参考咨询
  • 我的图书馆
  • 登录
  • 详细信息显示
  • 放入我的书架
  • 预约/预借图书
  • 作者相关作品
  • 分类相关作品
  • 丛书相关作品
  • 出版社相关作品

书目信息

  • 表格格式
  • 工作单格式
  • 卡片格式
题名:
中国断代文化诗学
    
 
作者: 劳秦汉 著
分册:  
出版信息: 成都   四川大学出版社  2015
页数: 527页
开本: 21cm
丛书名:
单 册:
中图分类: I207.227.42 , I207.37
科图分类:
主题词: 唐诗--tang shi--诗歌研究 , 宋词--song ci--诗词研究 , 元曲--yuan qu--文学研究
电子资源:
ISBN: 978-7-5614-8560-6
000 01095nam0 22002771 450
001 0122100717
005 20170322100717.0
010    @a978-7-5614-8560-6@dCNY58.00
100    @a20150804d2015 em y0chiy50 ea
101 0  @achi
102    @aCN@b510000
105    @ay z 000yy
106    @ar
200 1  @a中国断代文化诗学@9zhong guo duan dai wen hua shi xue@e唐诗宋词元曲文化概论稿@f劳秦汉著
210    @a成都@c四川大学出版社@d2015
215    @a527页@d21cm
330    @a本书将诗学与文化学融于一体,从环境论、发生论、存在论、结构论、发展论五个方面论述唐诗、宋词、元曲,综合采用哲学、人类学、社会学、政治学、历史学、考古学、音韵学等相关材料,对唐诗、宋词、元曲的发生、发展及结构等方面进行了较系统的研究。
517 1  @a唐诗宋词元曲文化概论稿@9tang shi song ci yuan qu wen hua gai lun gao
606 0  @a唐诗@9tang shi@x诗歌研究
606 0  @a宋词@9song ci@x诗词研究
606 0  @a元曲@9yuan qu@x文学研究
690    @aI207.227.42@v5
690    @aI207.37@v5
701  0 @a劳秦汉@9lao qin han@f(1947.10~)@4著
801  0 @aCN@bTANGWEI@c20170308
905    @b0959078-81@dI207.227.42@e959@f4
    
    中国断代文化诗学:唐诗宋词元曲文化概论稿/劳秦汉著.-成都:四川大学出版社,2015
    527页;21cm
    
    
    ISBN 978-7-5614-8560-6:CNY58.00
    本书将诗学与文化学融于一体,从环境论、发生论、存在论、结构论、发展论五个方面论述唐诗、宋词、元曲,综合采用哲学、人类学、社会学、政治学、历史学、考古学、音韵学等相关材料,对唐诗、宋词、元曲的发生、发展及结构等方面进行了较系统的研究。
●
相关链接 在E读中查询图书 在五车中查询图书 在当当中查询图书 在豆瓣中查询图书


正题名:中国断代文化诗学     索取号:I207.227.42/959         预约/预借

序号 登录号 条形码 馆藏地/架位号 状态 备注
1 0959078   209590780   第一样本阅览室/ [索取号:I207.227.42/959] 在馆    
2 0959079   209590799   密集书库-文学院/ [索取号:I207.227.42/959] 在馆    
3 0959080   209590806   第二借阅区/ [索取号:I207.227.42/959] 在馆    
4 0959081   209590815   第二借阅区/ [索取号:I207.227.42/959] 在馆    
唐山师范学院图书馆 欢迎您!
大连网信软件有限公司© 版权所有